| 000 | 01634nab a2200217 i 4500 | ||
|---|---|---|---|
| 001 | 768714001 | ||
| 003 | CO-MdFUSB | ||
| 005 | 20240423093627.0 | ||
| 008 | 240203t1998 ck |||| |||| 00| 0 spa d | ||
| 022 | _a01222937 | ||
| 040 |
_bspa _aCO-MdFUSB _cCO-MdFUSB _dCO-MdFUSB |
||
| 041 | _aspa | ||
| 100 |
_aAngulo, José Miguel de, _eautor |
||
| 245 |
_aEn busca de una propuesta de salud integral _c/ José Miguel de Angulo , Luz Estella Losada |
||
| 300 |
_aVolumen 17, número 2 (abril - julio, 1998), páginas: 6-14 _c; 27 cm |
||
| 520 | _aEl mayor problema de la medicina occidental es crear un concepto de la enfermedad y de la salud que es dependiente de cuestiones biológicas y químicas, dejando por fuera innumerables factores humanos , sociales, políticos, económicos, espirituales y ecológicos. Se considera que salud es un derecho de toda la población y demanda la participación activa de toda la sociedad para la identificación y solución de sus problemas de salud. Tanto e medio ambiente (natural y modificado por el hombre) como los comportamientos individuales y colectivos son los mayores determinantes de las condiciones de salud de una comunidad. La relación entre justicia y Shalom (salud) es muy dinámica. La justicia y la paz han sido, son y serán interdependientes. No podemos lograr una de ella si ignoramos la otra o, peor aún, si la violentamos. | ||
| 653 | _asalud integral | ||
| 700 |
_aLosada, Luz Estella, _eautor |
||
| 773 | 0 |
_049402 _959634 _dBuenos Aires _oR584 _tIglesia y Misión _w(CO-MdFUSB)19 _gVolumen 17, número 2 (abril - julio, 1998), páginas: 6-14 _qpágina: 6 |
|
| 942 | _cANA | ||
| 999 |
_c69290 _d69290 |
||